Himpunan rindu
| Format: | Book |
|---|---|
| Published: |
Kuala Lumpur :
DBP ,
1994
|
| Subjects: |
MARC
| LEADER | 00000cam a2200000 7i4500 | ||
|---|---|---|---|
| 001 | 0000006318 | ||
| 002 | 000006822 | ||
| 005 | 20000330.0 | ||
| 020 | |a 9836241663 | ||
| 090 | 0 | 0 | |a F |b HIM |
| 245 | 0 | 0 | |a Himpunan rindu |c diselenggarakan oleh Matlin Dullah |
| 260 | |a Kuala Lumpur : |b DBP , |c 1994 | ||
| 300 | |a 167 p. ; |c 18 cm. | ||
| 650 | 0 | 0 | |a Malay fiction |
| 999 | |a 039303 |b BUKU |c PINJAMAN |e PERPUSTAKAAN KOMUNITI PETALING JAYA | ||
| 999 | |a 039304 |b BUKU |c PINJAMAN |e PERPUSTAKAAN KOMUNITI PETALING JAYA | ||